Economics of climate change in Latin America and the Caribbean / (Registro nro. 7954)

Detalles MARC
000 -LEADER
fixed length control field 00959nam a2200205Ia 4500
003 - CONTROL NUMBER IDENTIFIER
control field OSt
005 - DATE AND TIME OF LATEST TRANSACTION
control field 20210609153009.0
008 - FIXED-LENGTH DATA ELEMENTS--GENERAL INFORMATION
fixed length control field 210310s2010 cl adb gr 000 0 eng d
040 ## - CATALOGING SOURCE
Original cataloging agency CO-JMCR
Transcribing agency CO-JMCR
041 0# - LANGUAGE CODE
Language code of text/sound track or separate title spa
082 04 - DEWEY DECIMAL CLASSIFICATION NUMBER
Classification number 333.715 /
Item number N124e
Edition number 23
110 2# - MAIN ENTRY--CORPORATE NAME
Corporate name or jurisdiction name as entry element Naciones Unidas
9 (RLIN) 37599
245 10 - TITLE STATEMENT
Title Economics of climate change in Latin America and the Caribbean /
Statement of responsibility, etc. Naciones Unidas
260 ## - PUBLICATION, DISTRIBUTION, ETC.
Place of publication, distribution, etc. Santiago de Chile :
Name of publisher, distributor, etc. United Nations. ECLAC,
Date of publication, distribution, etc. 2010
300 ## - PHYSICAL DESCRIPTION
Extent 107 páginas ;
Dimensions 28 cm.
504 ## - BIBLIOGRAPHY, ETC. NOTE
Bibliography, etc. note Bibliografía: páginas 105-107
505 0# - FORMATTED CONTENTS NOTE
Formatted contents note The economics of climate change: methodological considerations -- The science of climate change -- Climate change in Latin America and the Cariibbean -- Macroeconomic trends -- Climate change in Latin America and the Caribbean: economic impacts and vulnerability -- Emissions in Latin America and the Caribbean
650 14 - SUBJECT ADDED ENTRY--TOPICAL TERM
Topical term or geographic name entry element Economía del cambio climático
9 (RLIN) 15917
Geographic subdivision América Latina
942 ## - ADDED ENTRY ELEMENTS (KOHA)
Source of classification or shelving scheme Dewey Decimal Classification
Koha item type Books
Existencias
Withdrawn status Lost status Source of classification or shelving scheme Damaged status Not for loan Collection code Home library Current library Date acquired Source of acquisition Full call number Barcode Date last seen Copy number Koha item type
    Dewey Decimal Classification     Non-fiction Biblioteca Pública José María del Castillo y Rada Biblioteca Pública José María del Castillo y Rada 04/15/2018 Donación 333.715 / N124e 430003605 05/16/2024 Ej.1 Books